000 00261nam a22001217a 4500
008 170712b xxu||||| |||| 00| 0 eng d
041 _aeng
080 _a05
100 _a26
101 _aENC
245 _aENCYCLOPEDIA THE SEA
_cKNOPF.A.A
942 _2udc
_cBK
999 _c20246
_d20246